000
00271nam a2200109Ia 4500
008
220713s9999 xx 000 0 und d
020
_a
978 0 7166 7729 1
082
_a
JR 591.734 LEAR
100
_a
No author, editors only
245
0
_a
Rain Forest Animals
942
_c
BK
_y
561
_z
John Tresidder
999
_c
697763
_d
697762